000 00635nam a22002057a 4500
005 20240530110428.0
008 150328s2011 ua g 000 1 ara d
017 _a2011/8863
_bمصر . دار الكتب المصرية
020 _a9789770929650
040 _aEG-CaGPL
082 0 4 _221
_a813.03\
_bي ج
100 0 _aيحيى يخلف
245 1 0 _aجنه ونار :
_bرواية /
_cيحيى يخلف
250 _aط1
260 _aالقاهرة :
_bدار الشروق ،
_c2011
300 _a401 ص ؛
_c20 سم
650 0 4 _aالقصة العربية
942 _2ddc
_cBK
999 _c60797
_d60797